000 02313nam0a2200457 4500
001 RU\NLR\bibl\256831
005 20260408193930.0
010 _a5-7862-0079-5
_9500
021 _aRU
_b2002-1765
_988
035 _a(NLR Aleph) 000252580
090 _a1474043
_c1474043
100 _a20020419d2001 |||y0rusy50 ca
101 0 _arus
102 _aRU
105 _ac |||||||||
200 1 _aФилософ труда Т.М. Михайлова
_fМ-во общ. и проф. образования РФ, Якут. гос. ун-т им. М.К. Аммосова
_g[Сост. И. Е. Томский]
210 _aЯкутск
_cИзд-во СО РАН
_cЯкут. фил.
_d2001
215 _a239 с.
_cпортр.
_d21
309 _aВ кн. также включ. работы Т. М. Михайловой
600 1 _aМихайлова
_bТ. М.
_gТамара Михайловна
_f1948-2001
_2psbo
600 1 _aМихайлова
_bТ.М.
_gТамара Михайловна
_f1948 - 2001
_jВоспоминания, записки и т.п.
_3RU\NLR\auth\661347043
_92245274
601 0 2 _aЯкутский государственный университет им. М.К. Аммосова
_jВоспоминания, записки и т.п.
_xПрофессора и преподаватели
_92245828
_3RU\NLR\auth\661347348
606 0 _aТруд
_jСборники
_xФилософские вопросы
_91817489
_3RU\NLR\auth\66820601
610 0 _aУниверситеты - Профессорско-преподавательский состав - История
610 0 _aТруд - Философские проблемы
675 _a378.4(571.56)(092)
_v3
_zrus
675 _a929Михайлова
_v3
_zrus
686 _a14.35
_2rugasnti
686 _a74.58
_2rubbk
686 _aЮ3(2)7я43
686 _aЮ6я44
686 _aЧ484(2)711.9-Якутский
701 1 _aТомский
_bИ. Е.
_f1934-2001
_gИннокентий Егорович
_4070
712 0 2 _4570
_aЯкутский государственный университет им. М. К. Аммосова
_3RU\NLR\AUTH\883353
_9277944
801 0 _aRU
_bRKP
_c20020419
_gPSBO
801 1 _aRU
_bRKP
_c20020419
801 2 _aRU
_bNLR
_c20061226
_grcr
942 _cBOOK
980 _aNB
980 _aNBR